Minnesota studies in the philosophy of science : (Record no. 1014)
[ view plain ]
| 000 -LEADER | |
|---|---|
| fixed length control field | 01483cas a2200373 a 4500 |
| 001 - CONTROL NUMBER | |
| control field | 1014 |
| 003 - CONTROL NUMBER IDENTIFIER | |
| rucl marc code | BD-RjUL |
| 005 - DATE AND TIME OF LATEST TRANSACTION | |
| control field | 20211208233250.0 |
| 008 - FIXED-LENGTH DATA ELEMENTS--GENERAL INFORMATION | |
| fixed length control field | 160721s1958 mnu x s0 a0eng c |
| 035 ## - SYSTEM CONTROL NUMBER | |
| System control number | (OCoLC)ocm01758283 - 1036 |
| 040 ## - CATALOGING SOURCE | |
| Original cataloging agency | MnMULS |
| Language of cataloging | eng |
| Transcribing agency | MnMULS |
| Modifying agency | OCoLC |
| -- | BD-RjUL |
| 041 ## - LANGUAGE CODE | |
| Language code of text/sound track or separate title | eng |
| 082 04 - DEWEY DECIMAL CLASSIFICATION NUMBER | |
| Classification number | 501 |
| Edition number | 19 |
| Author mark and year | MIN 1963 |
| 245 00 - TITLE STATEMENT | |
| Title | Minnesota studies in the philosophy of science : |
| Remainder of title | V II; Concepts, theories, and the mind-body problem / |
| Statement of responsibility, etc. | edited by Herbert Feigl, Michael Scriven and Grover Maxwell. |
| 260 ## - PUBLICATION, DISTRIBUTION, ETC. (IMPRINT) | |
| Place of publication, distribution, etc. | Minneapolis : |
| Name of publisher, distributor, etc. | University of Minnesota Press, |
| Date of publication, distribution, etc. | c1956- |
| 300 ## - PHYSICAL DESCRIPTION | |
| Pagination | v 2. ; |
| Size | 24 cm. |
| 500 ## - GENERAL NOTE | |
| General note | Presents the results of the research of the Minnesota Center for the Philosophy of Science. |
| General note | Each vol. also has distinctive title. |
| General note | Separately cataloged in LC before 1 Oct. 1975. |
| 504 ## - BIBLIOGRAPHY, ETC. NOTE | |
| Bibliography, etc | Includes bibliographical references. |
| 650 #0 - SUBJECT ADDED ENTRY--TOPICAL TERM | |
| Topical term or geographic name as entry element | Science |
| General subdivision | Philosophy |
| Form subdivision | Periodicals. |
| 9 (RLIN) | 2983 |
| Topical term or geographic name as entry element | Science |
| General subdivision | Philosophy. |
| 9 (RLIN) | 2866 |
| Topical term or geographic name as entry element | Sciences |
| General subdivision | Philosophie |
| Form subdivision | Collections. |
| 9 (RLIN) | 2984 |
| Topical term or geographic name as entry element | Psychologie |
| Form subdivision | Collections. |
| 9 (RLIN) | 2985 |
| Topical term or geographic name as entry element | Sciences |
| General subdivision | Méthodologie |
| Form subdivision | Collections. |
| 9 (RLIN) | 2986 |
| 700 1# - ADDED ENTRY--PERSONAL NAME | |
| Personal name | Herbert Feigl, Michael Scriven and Grover Maxwell. |
| 710 2# - ADDED ENTRY--CORPORATE NAME | |
| Corporate name or jurisdiction name as entry element | Minnesota Center for Philosophy of Science. |
| 9 (RLIN) | 2867 |
| 942 ## - ADDED ENTRY ELEMENTS (KOHA) | |
| Source of classification or shelving scheme | Dewey Decimal Classification |
| Koha item type | Books |
| Lost status | Source of classification or shelving scheme | Damaged status | Not for loan | Collection code | Permanent Location | Current Location | Shelving location | Date acquired | Source of acquisition | Cost, normal purchase price | Total Checkouts | Full call number | Date last seen | Copy number | Koha item type | Date checked out |
|---|---|---|---|---|---|---|---|---|---|---|---|---|---|---|---|---|
| Dewey Decimal Classification | Not For Loan | Non-fiction | Central Library, University of Rajshahi | Central Library, University of Rajshahi | 24/04/1965 | Zeetinger | 56.00 | 501 MIN V-2 1963 | 24/11/2013 | C-1 | Books | |||||
| Dewey Decimal Classification | Non-fiction | Central Library, University of Rajshahi | Central Library, University of Rajshahi | 24/04/1965 | Zeetinger | 56.00 | 1 | 501 MIN V-2 1963 | 25/04/2019 | C-2 | Books | 25/04/2019 | ||||
| Dewey Decimal Classification | Non-fiction | Central Library, University of Rajshahi | Central Library, University of Rajshahi | 24/04/1965 | Zeithlinger | 56.00 | 501 MIN V-2 1963 | 21/07/2016 | C-3 | Books |